000 00618nam a2200277Ia 4500
005 20260401122309.0
008 008 250103s9999 xx 000 0 eng d
020 _a9780754606796
037 _aTB
040 _aEDL
040 _beng
040 _cEDL
041 _2eng
041 _aeng
084 _a701.17 FRA
084 _qEDL
245 0 _aBeholder: Experience of art in early modern Europe
260 _aEngland
260 _bAshgate Publishing Ltd.
260 _c2006
300 _a233p
942 _cTB
942 _h701.17 FRA
999 _c1846322
_d1846322